|
|
|
|
| LEADER |
01848nam a22004097a 4500 |
| 001 |
37743 |
| 003 |
BD-DhAAL |
| 005 |
20220220144035.0 |
| 008 |
220220t1994 enk b 001 0 eng d |
| 999 |
|
|
|c 43541
|d 43541
|
| 010 |
|
|
|a 94032596
|
| 020 |
|
|
|a 9840513559
|
| 020 |
|
|
|a 1856492834 :
|c $49.95
|
| 020 |
|
|
|a 1856492842 (pbk.) :
|c $17.50
|
| 020 |
|
|
|a 8185107912 (New Delhi)
|
| 040 |
|
|
|a DLC
|c DLC
|d DLC
|d $49.95
|
| 043 |
|
|
|a d------
|
| 050 |
0 |
0 |
|a HQ766.15
|b .C67 1994
|
| 082 |
0 |
0 |
|a 363.96
|2 20
|
| 100 |
1 |
|
|a Corrêa, S.
|q (Sonia)
|9 45925
|
| 245 |
1 |
0 |
|a Population and reproductive rights :
|b feminist perspectives from the South /
|c Sonia Corrêa ; in collaboration with Rebecca Reichmann.
|
| 260 |
|
|
|a London ;
|a Atlantic Highlands, N.J. :
|b Zed Books ;
|a New Delhi :
|b Kali for Women in association with DAWN,
|c c1994.
|
| 300 |
|
|
|a xiii, 136 pages ;
|c 23 cm.
|
| 504 |
|
|
|a Includes bibliographical references (pages 113-130) and index.
|
| 526 |
|
|
|a BIED
|
| 541 |
|
|
|a Complimentary copy from BIED
|e 37743
|
| 650 |
|
0 |
|a Birth control
|x Moral and ethical aspects.
|9 45926
|
| 650 |
|
0 |
|a Birth control
|x Social aspects
|z Developing countries.
|9 45927
|
| 650 |
|
0 |
|a Human reproduction
|x Moral and ethical aspects.
|9 45928
|
| 650 |
|
0 |
|a Human reproduction
|x Social aspects
|z Developing countries.
|9 45929
|
| 650 |
|
0 |
|a Fertility, Human
|x Social aspects
|z Developing countries.
|9 45930
|
| 650 |
|
0 |
|a Reproductive rights
|z Developing countries.
|9 45931
|
| 651 |
|
0 |
|a Developing countries
|x Population policy.
|9 45932
|
| 700 |
1 |
|
|a Reichmann, Rebecca Lynn.
|9 45933
|
| 852 |
|
|
|a Ayesha Abed Library
|c BIED Collection
|
| 942 |
|
|
|2 ddc
|c BK
|
| 952 |
|
|
|0 0
|1 0
|2 ddc
|4 0
|6 363_960000000000000_COR
|7 0
|9 69843
|a BRACUL
|b BRACUL
|c GEN
|d 2022-02-20
|e Complimentary copy from BIED
|l 0
|o 363.96 COR
|p 3010037743
|r 2022-02-20
|t 1
|w 2022-02-20
|y BK
|x Transferred from BIED to General Stacks
|